Elemente, die in der Bibel erwähnt werden - Statistiken

Allgemein
  • Dieses Quiz wurde 419 mal gespielt
  • Das Durchschnittsergebnis liegt bei 5 aus 7
Antwortstatistiken
Antwort % Korrekt
Gold
95%
Silber
92%
Eisen
84%
Kupfer
73%
Zinn
49%
Blei
44%
Schwefel
38%
Keine übereinstimmenden Quizze gefunden
Verteilung der Resultate
Anzahl Personen mit jedem Resultat
Perzentil nach korrekt beantworteten Fragen
Ihre Resultats-Entwicklung
Sie haben dieses Quiz noch nicht gespielt